000 00985nam a22003257a 4500
001 BR0402476
003 BR-BrBNA
005 20230928101622.0
007 ta
008 230509b bl.||||| |||| 00| 0 por d
040 _aBR-BrBNA
_bpor
_cBiblioteca Nacional de Agricultura
041 _a(Por)
072 _aJ10
_b0120
090 _ 0120 BR0402476
100 1 _aSilva, E.A.A. da
110 1 _aUniversidade Federal de Lavras, MG (Brasil)
_0Tese (Mestrado)
245 1 _aPadrões eletroforéticos de isoenzimas e proteínas de sementes e coleoptilos de milho em associação com microrganismos
260 3 _aLavras, MG (Brasil):
_c1997.
300 _a87 p.
500 _aSummaries (Eng, Por); Several bibliography; 7 tables; 12 illus.
650 _aMILHO
650 _aSEMENTE
650 _aMICRORGANISMO
650 _aELETROFORESE
650 _aISOENZIMA
650 _aPROTEÍNA
650 _aCONTAMINAÇÃO
909 _a202309
_bLucia
_c55
_dLucia Elande
942 _cBK
999 _c66721
_d66721